Alabama Cities with the Largest Black Population - Statistics

General Stats
  • This quiz has been taken 21 times
  • The average score is 9 of 17
Answer Stats
# % City % Correct
137,296 68.4 Birmingham
95%
120,950 60.3 Montgomery
95%
96,039 51.3 Mobile
90%
63,085 29.3 Huntsville
85%
41,046 41.2 Tuscaloosa
75%
14,009 18.4 Auburn
65%
15,621 16.9 Hoover
65%
23,896 33.6 Dothan
60%
18,185 69.9 Bessemer
50%
12,110 35.7 Gadsden
50%
13,441 23.2 Decatur
45%
14,806 82.4 Selma
45%
12,011 38.8 Opelika
35%
10,643 49.4 Anniston
30%
19,043 49.1 Phenix City
30%
16,340 84.6 Prichard
20%
12,184 74.3 Center Point
10%
No matching quizzes found
Score Distribution
Percent of People with Each Score
Percentile by Number Answered
Your Score History
You have not taken this quiz